Laufey - Madwoman Lyrics - Statistics

General Stats
  • This quiz has been taken 19 times
  • The average score is 180 of 228
Answer Stats
Answer % Correct
a
100%
I
100%
mad,
100%
mad
100%
the
100%
we
100%
woman
100%
you
100%
You
100%
and
93%
And
93%
But
93%
go
93%
me
93%
more"
93%
so
93%
us
93%
want
93%
been
86%
before,
86%
'bout
86%
don't
86%
he
86%
how
86%
in
86%
it
86%
It's
86%
like
86%
"No
86%
out,
86%
something
86%
still
86%
there's
86%
this
86%
through
86%
vexing
86%
We've
86%
above
79%
approve
79%
at
79%
can't
79%
fell
79%
gods
79%
had
79%
one
79%
Then
79%
to
79%
all
71%
as
71%
As
71%
idea,
71%
I've
71%
said,
71%
Such
71%
terrible
71%
worst
71%
year
71%
attraction
64%
begins
64%
final
64%
for
64%
I'm
64%
myself
64%
Passion
64%
remind
64%
think
64%
would
64%
‘Cause
57%
everything
57%
he'd
57%
holding
57%
hour
57%
ignore
57%
is
57%
joke,
57%
Made
57%
obvious
57%
our
57%
question
57%
Ransom
57%
sour
57%
spoke
57%
stupid
57%
that
57%
we're
57%
again
50%
air
50%
Called
50%
clean
50%
ends,
50%
fashion
50%
flames,
50%
gasping
50%
help
50%
hypnotized
50%
mindless
50%
mythological,
50%
Purely
50%
soul
50%
ugliest
50%
up
50%
wine
50%
with
50%
chaos,
43%
clear
43%
fog
43%
Handsome
43%
imagine
43%
remember
43%
Seeking
43%
together,
43%
dreadful
36%
giving
36%
seeing
36%
we'll
29%
No matching quizzes found
Score Distribution
Percent of People with Each Score
Percentile by Number Answered
Your Score History
You have not taken this quiz